Njoo, Uone!: picha 100 za Biblia

Saved in:  
Bibliographic Details
Contributors: Schnorr von Carolsfeld, Julius 1794-1872 (Illustrator) ; Roehl, Karl 1870-1951 (Other)
Format: Print Image
Language:No linguistic content
Subito Delivery Service: Order now.
Check availability: HBZ Gateway
WorldCat: WorldCat
Interlibrary Loan:Interlibrary Loan for the Fachinformationsdienste (Specialized Information Services in Germany)
Published: Stuttgart Wuerttemberg Kitoacho Vitabu vya Biblia 1960
In:Year: 1960
Standardized Subjects / Keyword chains:B Illustrated Bible / Woodcut
Further subjects:B Illustrated book

MARC

LEADER 00000cam a2200000 c 4500
001 1137064897
003 DE-627
005 20240703124450.0
007 tu
008 980716s1960 xx ||||| 00| ||zxx c
035 |a (DE-627)1137064897 
035 |a (DE-576)067064892 
035 |a (DE-599)BSZ067064892 
035 |a (OCoLC)313030400 
035 |a (OCoLC)313030400 
040 |a DE-627  |b ger  |c DE-627  |e rakwb 
041 |a zxx 
084 |a BC 6000  |2 rvk  |0 (DE-625)rvk/9494: 
245 0 0 |a Njoo, Uone!  |b picha 100 za Biblia  |c zilizotungwa na Schnorr von Carolsfeld. Zimechaguliwa pamoja na kuandikiwa maneno ya Mungu na Mchungaji K. Roehl, marehemu na Mchungaji H. Personn 
264 1 |a Stuttgart  |b Wuerttemberg Kitoacho Vitabu vya Biblia  |c 1960 
300 |a 50, 50 S.  |b Ill. 
336 |a unbewegtes Bild  |b sti  |2 rdacontent 
337 |a ohne Hilfsmittel zu benutzen  |b n  |2 rdamedia 
338 |a Band  |b nc  |2 rdacarrier 
500 |a Bildunterschriften in Kituba (Zaire, Kongo) 
583 1 |a Archivierung prüfen  |c 20240511  |f DE-640  |z 2  |2 pdager 
583 1 |a Archivierung/Langzeitarchivierung gewährleistet  |f PEBW  |x XA-DE-BW  |2 pdager  |5 DE-24 
583 1 |a Archivierung/Langzeitarchivierung gewährleistet  |f SLG  |x XA-DE-BW  |z Bibeln  |2 pdager  |5 DE-24 
655 7 |a Bildband  |0 (DE-588)4145395-5  |0 (DE-627)104450835  |0 (DE-576)209741139  |2 gnd-content 
689 0 0 |d s  |0 (DE-588)4128826-9  |0 (DE-627)105714399  |0 (DE-576)209605383  |2 gnd  |a Bilderbibel 
689 0 1 |d s  |0 (DE-588)4025736-8  |0 (DE-627)106291718  |0 (DE-576)208962719  |2 gnd  |a Holzschnitt 
689 0 |5 (DE-627) 
700 1 |e Ill.  |0 (DE-588)118609815  |0 (DE-627)135347076  |0 (DE-576)165855185  |4 ill  |a Schnorr von Carolsfeld, Julius  |d 1794-1872 
700 1 |e Übers.  |0 (DE-588)1031649611  |0 (DE-627)736731008  |0 (DE-576)174538332  |4 oth  |a Roehl, Karl  |d 1870-1951 
935 |a mteo 
936 r v |a BC 6000  |b Allgemein  |k Theologie und Religionswissenschaften  |k Bibelwissenschaft  |k Biblische Einleitung  |k Bibelkunde (populäre Einführungen)  |k Allgemein  |0 (DE-627)1270712640  |0 (DE-625)rvk/9494:  |0 (DE-576)200712640 
951 |a BO 
BIB |a 1 
ELC |b 1 
ORI |a SA-MARC-ixtheo_oa001.raw 
STA 0 0 |a Illustrated Bible,Woodcut 
STB 0 0 |a Bible illustrée,Xylographie 
STC 0 0 |a Bíblia ilustrada,Xilografía 
STD 0 0 |a Bibbia illustrata,Xilografia 
STE 0 0 |a 图解圣经,木刻,木刻版画 
STF 0 0 |a 圖解聖經,木刻,木刻版畫 
STG 0 0 |a Bíblia ilustrada,Xilogravura 
STH 0 0 |a Библия в картинках,Гравюра на дереве 
STI 0 0 |a Εικονογραφημένη Αγία Γραφή,Εικονογραφημένη Βίβλος,Ξυλογραφία 
SUB |a BIB 
SYG 0 0 |a Holzschnitte